Starhaven.

Bibliographic Details
Main Author: Silverberg, Robert
Format: Book
Language:English
Published: New York : Avalon Books, [1958]

MARC

Tag First Indicator Second Indicator Subfields
LEADER 00000cam a2200000 4500
001 in00000044703
005 20151007075105.0
008 751121s1958 nyu 00001 eng
010 |a  58009140  
035 |a (OCoLC)01847818 
035 |9 AAF2620AM 
040 |a DLC  |c FBA  |d TXA  |d UtOrBLW 
049 |a TXAS  |c [1102793] 
050 0 0 |a PZ4.J835  |b St 
092 |a SF  |b J 
100 1 |a Silverberg, Robert. 
245 1 0 |a Starhaven. 
264 1 |a New York :  |b Avalon Books,  |c [1958] 
264 4 |c [©1958] 
300 |a 220 pages ;  |c 21 cm. 
336 |a text  |b txt  |2 rdacontent 
337 |a unmediated  |b n  |2 rdamedia 
338 |a volume  |b nc  |2 rdacarrier 
999 |a MARS 
999 f f |s ad869576-f0ae-3026-b65b-5ee2ad0e1ac7  |i 28addac3-b115-3348-99b3-409fa184eadf  |t 0 
952 f f |p noncirc  |a Texas A&M University  |b College Station  |c Cushing Memorial Library & Archives  |d Cushing: Science Fiction (Does not check out)  |t 0  |e PZ4.J835 St  |h Library of Congress classification  |i unmediated -- volume  |m A14800444968 
998 f f |a PZ4.J835 St  |t 0  |l Cushing: Science Fiction (Does not check out)